LEADER 01072nam0 22002771i 450 001 UON00090146 005 20231205102506.293 100 $a20020107d1991 |0itac50 ba 101 $aita 102 $aIT 105 $a|||| ||||| 200 1 $aˆL' ‰Egitto fuori dall'Egitto$eDalla riscoperta all'egittologia$fa cura di C. Morigi Govi, et al 205 $aBologna : Clueb$b1991 210 $aix$d460 p. ; 24 cm 215 $aAtti del Convegno Internazionale, Bologna, 26-29 mar. 1991 606 $aEGITTOLOGIA$xCongressi$3UONC018221$2FI 620 $aIT$dBologna$3UONL000085 686 $aX3$cMISCELLANEE AUTORI VARI$2A 702 1$aMORIGI GOVI$bCristiana$3UONV045267 712 $aCLUEB$3UONV246256$4650 801 $aIT$bSOL$c20240220$gRICA 899 $aSIBA - SISTEMA BIBLIOTECARIO DI ATENEO$2UONSI 912 $aUON00090146 950 $aSIBA - SISTEMA BIBLIOTECARIO DI ATENEO$dSI X 3 Bologna 01 $eSI MC 15572 7 996 $aEgitto fuori dall'Egitto$91304864 997 $aUNIOR LEADER 02743nam 2200529 a 450 001 9911006513303321 005 20200520144314.0 010 $a0-7844-7039-1 035 $a(CKB)2560000000048889 035 $a(EBL)3115426 035 $a(SSID)ssj0000483829 035 $a(PQKBManifestationID)12175736 035 $a(PQKBTitleCode)TC0000483829 035 $a(PQKBWorkID)10573494 035 $a(PQKB)11523847 035 $a(MiAaPQ)EBC3115426 035 $a(ASCE)10.1061/9780784403716 035 $a(EXLCZ)992560000000048889 100 $a19990114d1999 uy 0 101 0 $aeng 135 $aur|n|---||||| 181 $ctxt 182 $cc 183 $acr 200 10$aDesign of shallow foundations /$fSamuel E. French 210 $aReston, Va. $cASCE Press$d1999 215 $a1 online resource (383 p.) 300 $aDescription based upon print version of record. 311 $a0-7844-0371-6 320 $aIncludes bibliographical references (p. 365-368) and index. 327 $apt. 1. Types of loads and types of soils -- pt. 2. Response of a soil mass to foundation loads -- pt. 3. Design of shallow foundations on a soil mass -- pt. 4. Related topics in foundation systems. 330 3 $aThis book presents a complete how-to procedure for the design of shallow foundations commonly used with low-rise structures of today's building codes. It offers a detailed presentation of both soils and structures specifically as they relate to shallow foundations, emphasizing soil-structure interaction by matching particular structural designs to particular soil conditions. For soils, the author describes relevant soil properties and soil mechanics at shallow depths. For structures, the author includes a summary of loads on foundations and the deformations produced by such loads. Design procedures apply to structures less than 65 feet tall and having a natural period of oscillation less than 0.90 seconds. Structural systems include low-rise diaphragm/shearpanel systems, braced frames, and rigid frames. These established and proven methods apply to industries of architecture, construction, engineering technology, as well as civil engineering, and are intended for use by both students and practitioners. 606 $aFoundations$xDesign and construction 606 $aSoil mechanics 606 $aLoad factor design 615 0$aFoundations$xDesign and construction. 615 0$aSoil mechanics. 615 0$aLoad factor design. 676 $a624.1/5 700 $aFrench$b Samuel E.$f1930-$01446930 801 0$bMiAaPQ 801 1$bMiAaPQ 801 2$bMiAaPQ 906 $aBOOK 912 $a9911006513303321 996 $aDesign of shallow foundations$93634716 997 $aUNINA